000 00605nam a2200193 4500
001 116509
003 ES-MaACL
005 20230906190723.0
007 t|
008 061121m19001990sp r ||||1| spa d
100 1 _aOtaegui, Roberto.
_987852
245 1 0 _aDonde se pone el sol
_b: preludio a la conquista del nuevo mundo /
_cRoberto Otaegui.
260 _aMadrid :
_bColenda,
_c[19__?]
300 _a354 p. ;
_c17 cm.
490 1 _aGrandes novelistas de nuestro tiempo
830 0 _aGrandes novelistas de nuestro tiempo
_9182885
852 _aES-MaACL
_jC-13521
_bR.41437
999 _c116509
_d116509